[Event "U20 Polish Youth Championship"]
[Site "Ustron"]
[Date "2019.11.29"]
[Round "8"]
[White "Tomczak, Mikolaj"]
[Black "Mis, Mieszko"]
[Result "1/2-1/2"]
[Board "2"]
[WhiteElo "2437"]
[WhiteTitle "FM"]
[WhiteCountry "POL"]
[WhiteFideId "1175114"]
[WhiteEloChange "-2"]
[BlackElo "2328"]
[BlackTitle "FM"]
[BlackCountry "POL"]
[BlackFideId "1196448"]
[BlackEloChange "3"]

1. e4 {[%clk 1:30:58]} c6 {[%clk 1:30:36]} 2. d4 {[%clk 1:31:23]} d5 {[%clk
1:31:01]} 3. e5 {[%clk 1:31:48]} Bf5 {[%clk 1:29:33]} 4. Nd2 {[%clk 1:32:11]} e6
{[%clk 1:30:57]} 5. Nb3 {[%clk 1:32:39]} Nd7 {[%clk 1:31:19]} 6. Nf3 {[%clk
1:33:01]} a6 {[%clk 1:31:33]} 7. Be2 {[%clk 1:30:30]} c5 {[%clk 1:31:37]} 8. dxc5
{[%clk 1:30:38]} Bxc5 {[%clk 1:31:57]} 9. Nxc5 {[%clk 1:30:35]} Nxc5 {[%clk
1:32:17]} 10. Nd4 {[%clk 1:30:00]} Ne7 {[%clk 1:30:56]} 11. O-O {[%clk 1:29:22]}
O-O {[%clk 1:22:08]} 12. Be3 {[%clk 1:09:44]} Rc8 {[%clk 1:15:54]} 13. c3 {[%clk
1:02:31]} Qc7 {[%clk 1:09:38]} 14. Qd2 {[%clk 0:53:37]} Nd7 {[%clk 0:56:55]} 15.
f4 {[%clk 0:40:32]} Be4 {[%clk 0:56:35]} 16. Rfc1 {[%clk 0:39:24]} Rfd8 {[%clk
0:48:16]} 17. b3 {[%clk 0:33:52]} Bg6 {[%clk 0:41:11]} 18. c4 {[%clk 0:25:19]}
Qb8 {[%clk 0:37:48]} 19. Qb4 {[%clk 0:24:46]} Re8 {[%clk 0:29:11]} 20. c5 {[%clk
0:20:10]} f6 {[%clk 0:29:21]} 21. exf6 {[%clk 0:16:46]} gxf6 {[%clk 0:29:26]} 22.
Bg4 {[%clk 0:15:12]} Nf8 {[%clk 0:18:57]} 23. Rf1 {[%clk 0:13:47]} Bf7 {[%clk
0:14:02]} 24. Rae1 {[%clk 0:13:16]} f5 {[%clk 0:12:57]} 25. Bd1 {[%clk 0:11:58]}
Nd7 {[%clk 0:12:56]} 26. Nf3 {[%clk 0:09:11]} Qc7 {[%clk 0:10:49]} 27. Ng5 {[%clk
0:05:34]} Ng6 {[%clk 0:11:18]} 28. Qc3 {[%clk 0:02:57]} Nxc5 {[%clk 0:09:31]} 29.
Bd4 {[%clk 0:03:19]} Ne4 {[%clk 0:09:11]} 30. Nxe4 {[%clk 0:03:22]} dxe4 {[%clk
0:09:17]} 31. Qh3 {[%clk 0:03:28]} Nxf4 {[%clk 0:04:28]} 32. Qg3+ {[%clk
0:02:00]} Ng6 {[%clk 0:04:54]} 33. Qg5 {[%clk 0:02:14]} e5 {[%clk 0:03:12]} 34.
Ba1 {[%clk 0:02:39]} Be6 {[%clk 0:03:05]} 35. Bh5 {[%clk 0:02:32]} Qe7 {[%clk
0:02:30]} 36. Qh6 {[%clk 0:01:57]} Qg7 {[%clk 0:02:52]} 37. Qg5 {[%clk 0:02:03]}
Bd7 {[%clk 0:02:44]} 38. g4 {[%clk 0:01:51]} 1/2-1/2

[Event "U20 Polish Youth Championship"]
[Site "Ustron"]
[Date "2019.11.29"]
[Round "8"]
[White "Walter, Szymon"]
[Black "Pacan-Milej, Kosma"]
[Result "1/2-1/2"]
[Board "3"]
[WhiteElo "2304"]
[WhiteTitle "FM"]
[WhiteCountry "POL"]
[WhiteFideId "1172590"]
[BlackElo "2315"]
[BlackTitle "FM"]
[BlackCountry "POL"]
[BlackFideId "21800537"]

1. e4 {[%clk 1:25:15]} c5 {[%clk 1:30:55]} 2. Nf3 {[%clk 1:25:12]} d6 {[%clk
1:31:19]} 3. d4 {[%clk 1:25:25]} cxd4 {[%clk 1:31:43]} 4. Nxd4 {[%clk 1:25:48]}
Nf6 {[%clk 1:32:07]} 5. Nc3 {[%clk 1:26:08]} a6 {[%clk 1:32:32]} 6. Nb3 {[%clk
1:25:23]} Nbd7 {[%clk 1:32:47]} 7. g4 {[%clk 1:24:49]} h6 {[%clk 1:32:27]} 8. Rg1
{[%clk 1:23:44]} b5 {[%clk 1:30:13]} 9. h4 {[%clk 0:54:12]} Bb7 {[%clk 1:24:05]}
10. Bg2 {[%clk 0:54:21]} b4 {[%clk 1:22:38]} 11. Nd5 {[%clk 0:54:16]} e6 {[%clk
1:22:18]} 12. Nxf6+ {[%clk 0:53:54]} Nxf6 {[%clk 1:22:25]} 13. g5 {[%clk
0:46:26]} hxg5 {[%clk 1:18:38]} 14. Bxg5 {[%clk 0:46:01]} Qc7 {[%clk 1:02:52]}
15. Qe2 {[%clk 0:42:06]} Rc8 {[%clk 0:52:28]} 16. O-O-O {[%clk 0:41:12]} Nd7
{[%clk 0:46:04]} 17. Kb1 {[%clk 0:38:29]} g6 {[%clk 0:45:38]} 18. Rh1 {[%clk
0:31:06]} Bg7 {[%clk 0:43:52]} 19. Bc1 {[%clk 0:28:14]} Rh5 {[%clk 0:22:56]} 20.
f4 {[%clk 0:16:46]} a5 {[%clk 0:18:12]} 21. f5 {[%clk 0:16:21]} gxf5 {[%clk
0:14:53]} 22. exf5 {[%clk 0:06:16]} Rxf5 {[%clk 0:13:46]} 23. h5 {[%clk 0:04:44]}
Re5 {[%clk 0:06:04]} 24. Qf2 {[%clk 0:04:55]} Rf5 {[%clk 0:01:55]} 25. Qe2 {[%clk
0:05:16]} Re5 {[%clk 0:02:02]} 26. Qf2 {[%clk 0:05:39]} Rf5 {[%clk 0:01:25]} 27.
Qe2 {[%clk 0:06:03]} Re5 {[%clk 0:01:50]} 28. Qf2 {[%clk 0:04:05]} Rf5 {[%clk
0:01:16]} 1/2-1/2

[Event "U20 Polish Youth Championship"]
[Site "Ustron"]
[Date "2019.11.29"]
[Round "8"]
[White "Niedbala, Bartlomiej"]
[Black "Fus, Jakub"]
[Result "1/2-1/2"]
[Board "4"]
[WhiteElo "2239"]
[WhiteCountry "POL"]
[WhiteFideId "21834008"]
[WhiteEloChange "3"]
[BlackElo "2363"]
[BlackTitle "FM"]
[BlackCountry "POL"]
[BlackFideId "1193023"]
[BlackEloChange "-3"]

1. d4 {[%clk 1:29:48]} d5 {[%clk 1:30:45]} 2. Nf3 {[%clk 1:28:56]} Nf6 {[%clk
1:30:51]} 3. c4 {[%clk 1:27:50]} c6 {[%clk 1:31:04]} 4. cxd5 {[%clk 1:27:46]}
cxd5 {[%clk 1:31:16]} 5. Nc3 {[%clk 1:28:12]} Nc6 {[%clk 1:29:13]} 6. Bf4 {[%clk
1:28:29]} Bf5 {[%clk 1:29:03]} 7. e3 {[%clk 1:24:15]} e6 {[%clk 1:28:35]} 8. Bd3
{[%clk 1:24:29]} Bxd3 {[%clk 1:28:57]} 9. Qxd3 {[%clk 1:24:58]} Be7 {[%clk
1:27:03]} 10. O-O {[%clk 1:24:10]} O-O {[%clk 1:27:26]} 11. Rfc1 {[%clk 1:22:14]}
Nh5 {[%clk 1:24:35]} 12. Bg3 {[%clk 1:22:37]} Nxg3 {[%clk 1:24:58]} 13. hxg3
{[%clk 1:23:03]} Rc8 {[%clk 1:23:31]} 14. Na4 {[%clk 1:17:13]} Na5 {[%clk
0:59:30]} 15. Rxc8 {[%clk 0:58:32]} Qxc8 {[%clk 0:59:53]} 16. Qc3 {[%clk
0:58:18]} Qxc3 {[%clk 0:59:30]} 17. Nxc3 {[%clk 0:57:55]} Rc8 {[%clk 0:51:02]}
18. Rc1 {[%clk 0:57:06]} f6 {[%clk 0:51:03]} 19. Ne2 {[%clk 0:56:59]} Rxc1+
{[%clk 0:51:09]} 20. Nxc1 {[%clk 0:56:58]} Kf7 {[%clk 0:51:30]} 21. Kf1 {[%clk
0:57:03]} Bd6 {[%clk 0:51:45]} 22. Nd3 {[%clk 0:55:54]} Nc6 {[%clk 0:52:10]} 23.
Nd2 {[%clk 0:42:01]} g5 {[%clk 0:47:26]} 24. g4 {[%clk 0:40:45]} b6 {[%clk
0:47:30]} 25. f3 {[%clk 0:39:04]} Kg6 {[%clk 0:42:35]} 26. Nb1 {[%clk 0:36:15]}
h5 {[%clk 0:39:16]} 27. gxh5+ {[%clk 0:35:28]} Kxh5 {[%clk 0:39:38]} 28. g4+
{[%clk 0:32:10]} Kg6 {[%clk 0:22:24]} 29. Nc3 {[%clk 0:30:13]} f5 {[%clk
0:16:27]} 30. gxf5+ {[%clk 0:30:08]} Kxf5 {[%clk 0:16:53]} 31. Ke2 {[%clk
0:29:35]} g4 {[%clk 0:13:52]} 32. fxg4+ {[%clk 0:29:51]} Kxg4 {[%clk 0:14:18]}
33. Nf2+ {[%clk 0:28:44]} Kf5 {[%clk 0:14:02]} 34. Kd3 {[%clk 0:28:04]} Nb4+
{[%clk 0:08:06]} 1/2-1/2

[Event "U20 Polish Youth Championship"]
[Site "Ustron"]
[Date "2019.11.29"]
[Round "8"]
[White "Godzwon, Iwo"]
[Black "Kozak, Antoni"]
[Result "0-1"]
[Board "5"]
[WhiteElo "2275"]
[WhiteTitle "FM"]
[WhiteCountry "POL"]
[WhiteFideId "21802483"]
[WhiteEloChange "-8"]
[BlackElo "2350"]
[BlackCountry "POL"]
[BlackFideId "21832030"]
[BlackEloChange "8"]

1. e4 {[%clk 1:30:59]} c5 {[%clk 1:30:56]} 2. Nf3 {[%clk 1:31:26]} Nf6 {[%clk
1:31:21]} 3. Nc3 {[%clk 1:23:12]} d5 {[%clk 1:31:33]} 4. Bb5+ {[%clk 1:23:30]}
Bd7 {[%clk 1:30:32]} 5. Bxd7+ {[%clk 1:22:34]} Qxd7 {[%clk 1:28:13]} 6. e5 {[%clk
1:20:06]} Ng8 {[%clk 1:24:09]} 7. d4 {[%clk 1:18:34]} e6 {[%clk 1:24:02]} 8. O-O
{[%clk 1:18:52]} cxd4 {[%clk 1:17:24]} 9. Ne2 {[%clk 1:19:10]} Nc6 {[%clk
1:08:10]} 10. Nexd4 {[%clk 1:19:34]} Bc5 {[%clk 1:02:08]} 11. Be3 {[%clk
1:16:40]} Bxd4 {[%clk 0:51:24]} 12. Bxd4 {[%clk 1:17:06]} Nge7 {[%clk 0:51:20]}
13. Bc5 {[%clk 1:12:21]} O-O {[%clk 0:51:42]} 14. Re1 {[%clk 1:11:45]} Rfc8
{[%clk 0:51:45]} 15. Bxe7 {[%clk 1:12:07]} Qxe7 {[%clk 0:51:41]} 16. c3 {[%clk
1:12:30]} b5 {[%clk 0:50:20]} 17. Rc1 {[%clk 1:05:30]} Qb7 {[%clk 0:43:58]} 18.
Qd3 {[%clk 1:01:08]} h6 {[%clk 0:39:30]} 19. Rc2 {[%clk 0:47:24]} Qb6 {[%clk
0:38:42]} 20. Rec1 {[%clk 0:46:23]} Rc7 {[%clk 0:39:00]} 21. Kf1 {[%clk 0:40:05]}
Rac8 {[%clk 0:38:54]} 22. Ke2 {[%clk 0:40:25]} Na5 {[%clk 0:34:03]} 23. b3 {[%clk
0:40:07]} Nc6 {[%clk 0:29:55]} 24. h3 {[%clk 0:35:16]} Qc5 {[%clk 0:29:23]} 25.
Kd1 {[%clk 0:35:12]} a6 {[%clk 0:28:55]} 26. Qe3 {[%clk 0:35:38]} Qxe3 {[%clk
0:27:59]} 27. fxe3 {[%clk 0:36:05]} Nb8 {[%clk 0:26:40]} 28. Kd2 {[%clk 0:36:03]}
Nd7 {[%clk 0:27:02]} 29. Kd3 {[%clk 0:35:34]} Nc5+ {[%clk 0:25:02]} 30. Ke2
{[%clk 0:34:05]} Kf8 {[%clk 0:25:12]} 31. Nd4 {[%clk 0:33:52]} Nd7 {[%clk
0:24:57]} 32. Nf3 {[%clk 0:34:12]} Ke7 {[%clk 0:25:08]} 33. Kd3 {[%clk 0:33:12]}
Rc5 {[%clk 0:17:06]} 34. e4 {[%clk 0:25:20]} Rd8 {[%clk 0:17:07]} 35. b4 {[%clk
0:20:18]} Rc4 {[%clk 0:17:22]} 36. Nd4 {[%clk 0:19:22]} Nxe5+ {[%clk 0:17:32]}
37. Ke3 {[%clk 0:19:45]} dxe4 {[%clk 0:17:53]} 38. Nb3 {[%clk 0:19:33]} Nd3
{[%clk 0:17:12]} 0-1

[Event "U20 Polish Youth Championship"]
[Site "Ustron"]
[Date "2019.11.29"]
[Round "8"]
[White "Chylewski, Patryk"]
[Black "Kowalski, Igor"]
[Result "1/2-1/2"]
[Board "6"]
[WhiteElo "2348"]
[WhiteTitle "FM"]
[WhiteCountry "POL"]
[WhiteFideId "1186191"]
[BlackElo "2346"]
[BlackTitle "FM"]
[BlackCountry "POL"]
[BlackFideId "1172468"]

1. d4 {[%clk 1:30:57]} Nf6 {[%clk 1:30:57]} 2. c4 {[%clk 1:30:44]} g6 {[%clk
1:31:22]} 3. Nc3 {[%clk 1:31:10]} Bg7 {[%clk 1:31:49]} 4. e4 {[%clk 1:31:36]} d6
{[%clk 1:32:16]} 5. Nf3 {[%clk 1:32:02]} O-O {[%clk 1:32:42]} 6. Be2 {[%clk
1:32:28]} e5 {[%clk 1:33:08]} 7. O-O {[%clk 1:32:53]} Nc6 {[%clk 1:33:36]} 8. d5
{[%clk 1:27:15]} Ne7 {[%clk 1:34:02]} 9. a4 {[%clk 1:27:41]} Nh5 {[%clk 1:34:29]}
10. a5 {[%clk 1:28:05]} Nf4 {[%clk 1:34:11]} 11. b4 {[%clk 1:25:11]} f5 {[%clk
1:32:20]} 12. Ng5 {[%clk 1:18:19]} h6 {[%clk 1:31:45]} 13. Nf3 {[%clk 1:17:50]}
Nxe2+ {[%clk 1:29:03]} 14. Qxe2 {[%clk 1:18:13]} f4 {[%clk 1:29:28]} 15. Ne1
{[%clk 1:18:06]} g5 {[%clk 1:28:51]} 16. f3 {[%clk 1:18:24]} h5 {[%clk 1:28:39]}
17. h3 {[%clk 1:18:38]} Ng6 {[%clk 1:28:53]} 18. Nd1 {[%clk 1:18:31]} g4 {[%clk
1:13:24]} 19. fxg4 {[%clk 1:18:14]} hxg4 {[%clk 1:13:47]} 20. hxg4 {[%clk
1:18:32]} Bh6 {[%clk 1:13:42]} 21. Nf2 {[%clk 1:10:39]} Rf7 {[%clk 1:04:46]} 22.
Nf3 {[%clk 1:06:53]} Rh7 {[%clk 1:04:36]} 23. Ra3 {[%clk 1:05:44]} Bd7 {[%clk
1:04:20]} 24. Nh2 {[%clk 0:59:52]} Bg5 {[%clk 1:02:28]} 25. Rh3 {[%clk 0:42:19]}
Bh4 {[%clk 0:57:25]} 26. Nh1 {[%clk 0:40:21]} Qe7 {[%clk 0:55:47]} 27. Rff3
{[%clk 0:34:04]} c6 {[%clk 0:38:54]} 28. Rc3 {[%clk 0:31:24]} Rc8 {[%clk
0:36:37]} 29. Bd2 {[%clk 0:31:22]} Kg7 {[%clk 0:32:59]} 30. dxc6 {[%clk 0:20:36]}
Rxc6 {[%clk 0:32:51]} 31. g3 {[%clk 0:13:51]} fxg3 {[%clk 0:27:35]} 32. Nxg3
{[%clk 0:12:40]} Bxg3 {[%clk 0:27:40]} 33. Rxh7+ {[%clk 0:12:44]} Kxh7 {[%clk
0:28:05]} 34. Rxg3 {[%clk 0:13:09]} Be6 {[%clk 0:27:29]} 35. g5 {[%clk 0:10:40]}
Kg8 {[%clk 0:26:03]} 36. Qh5 {[%clk 0:02:03]} Qh7 {[%clk 0:24:04]} 37. Qxh7+
{[%clk 0:01:58]} Kxh7 {[%clk 0:24:29]} 38. c5 {[%clk 0:01:57]} dxc5 {[%clk
0:24:07]} 39. bxc5 {[%clk 0:02:22]} Rxc5 {[%clk 0:24:03]} 40. Rc3 {[%clk
0:31:19]} Rxc3 {[%clk 0:53:49]} 41. Bxc3 {[%clk 0:31:44]} Nf4 {[%clk 0:54:16]}
42. Bxe5 {[%clk 0:31:30]} Nh3+ {[%clk 0:54:40]} 43. Kg2 {[%clk 0:31:52]} Nxg5
{[%clk 0:55:06]} 44. Bd4 {[%clk 0:32:03]} 1/2-1/2

[Event "U20 Polish Youth Championship"]
[Site "Ustron"]
[Date "2019.11.29"]
[Round "8"]
[White "Szpar, Milosz"]
[Black "Kokoszczynski, Jan"]
[Result "1/2-1/2"]
[Board "7"]
[WhiteElo "2291"]
[WhiteTitle "FM"]
[WhiteCountry "POL"]
[WhiteFideId "1184989"]
[WhiteEloChange "-1"]
[BlackElo "2264"]
[BlackCountry "POL"]
[BlackFideId "1174460"]
[BlackEloChange "1"]

1. e4 {[%clk 1:30:58]} e6 {[%clk 1:27:47]} 2. d4 {[%clk 1:31:14]} d5 {[%clk
1:28:12]} 3. Nd2 {[%clk 1:31:39]} c5 {[%clk 1:28:30]} 4. exd5 {[%clk 1:31:56]}
exd5 {[%clk 1:28:54]} 5. Ngf3 {[%clk 1:32:01]} Nc6 {[%clk 1:29:17]} 6. Bb5 {[%clk
1:31:15]} Qe7+ {[%clk 1:29:39]} 7. Qe2 {[%clk 1:28:59]} Qxe2+ {[%clk 1:29:36]} 8.
Kxe2 {[%clk 1:28:51]} cxd4 {[%clk 1:29:42]} 9. Nxd4 {[%clk 1:27:39]} Bd7 {[%clk
1:30:04]} 10. N2f3 {[%clk 1:25:51]} Bd6 {[%clk 1:29:25]} 11. c3 {[%clk 1:24:16]}
Nge7 {[%clk 1:28:43]} 12. Be3 {[%clk 1:21:50]} O-O {[%clk 1:25:09]} 13. Rhe1
{[%clk 1:19:14]} h6 {[%clk 1:18:43]} 14. h3 {[%clk 1:18:56]} Rfe8 {[%clk
1:16:53]} 15. Kf1 {[%clk 1:17:02]} Rad8 {[%clk 1:02:36]} 16. Rad1 {[%clk
1:13:33]} a6 {[%clk 0:55:07]} 17. Bd3 {[%clk 1:08:44]} Nxd4 {[%clk 0:48:10]} 18.
Nxd4 {[%clk 1:07:46]} Nc6 {[%clk 0:48:31]} 19. Nb3 {[%clk 1:06:13]} Ne5 {[%clk
0:45:56]} 20. Be2 {[%clk 1:04:55]} Bc6 {[%clk 0:30:15]} 21. Na5 {[%clk 1:04:15]}
Bc7 {[%clk 0:29:25]} 22. Nxc6 {[%clk 1:02:54]} bxc6 {[%clk 0:29:08]} 23. a4
{[%clk 0:46:10]} Nc4 {[%clk 0:19:41]} 24. Bc1 {[%clk 0:43:30]} Nb6 {[%clk
0:17:28]} 25. Bxa6 {[%clk 0:33:46]} Nxa4 {[%clk 0:15:24]} 26. Rxe8+ {[%clk
0:31:32]} Rxe8 {[%clk 0:15:35]} 27. Bb7 {[%clk 0:30:42]} Re6 {[%clk 0:15:59]} 28.
Bc8 {[%clk 0:23:18]} Rf6 {[%clk 0:11:43]} 29. Re1 {[%clk 0:22:04]} Bb6 {[%clk
0:05:50]} 30. f3 {[%clk 0:17:42]} d4 {[%clk 0:04:09]} 1/2-1/2

[Event "U20 Polish Youth Championship"]
[Site "Ustron"]
[Date "2019.11.29"]
[Round "8"]
[White "Baum, Jonasz"]
[Black "Leskiewicz, Ignacy"]
[Result "1-0"]
[Board "8"]
[WhiteElo "2341"]
[WhiteTitle "FM"]
[WhiteCountry "POL"]
[WhiteFideId "1195360"]
[WhiteEloChange "5"]
[BlackElo "2138"]
[BlackCountry "POL"]
[BlackFideId "1185870"]
[BlackEloChange "-5"]

1. d4 {[%clk 1:30:57]} Nf6 {[%clk 1:22:25]} 2. c4 {[%clk 1:31:20]} g6 {[%clk
1:22:48]} 3. Nf3 {[%clk 1:31:45]} Bg7 {[%clk 1:23:13]} 4. g3 {[%clk 1:32:10]} d6
{[%clk 1:23:34]} 5. Bg2 {[%clk 1:32:34]} O-O {[%clk 1:23:57]} 6. O-O {[%clk
1:32:55]} Nc6 {[%clk 1:24:05]} 7. Nc3 {[%clk 1:33:18]} a6 {[%clk 1:24:30]} 8. Qc2
{[%clk 1:33:33]} Rb8 {[%clk 1:12:16]} 9. Rd1 {[%clk 1:33:19]} Bg4 {[%clk
1:10:15]} 10. a3 {[%clk 1:17:00]} Nd7 {[%clk 1:03:37]} 11. Be3 {[%clk 1:17:10]}
e5 {[%clk 0:53:02]} 12. dxe5 {[%clk 1:15:44]} Bxf3 {[%clk 0:49:15]} 13. exf3
{[%clk 1:16:01]} Ncxe5 {[%clk 0:41:10]} 14. b3 {[%clk 1:06:04]} Re8 {[%clk
0:31:46]} 15. Rac1 {[%clk 1:04:23]} b6 {[%clk 0:29:42]} 16. h3 {[%clk 1:01:47]}
Nc5 {[%clk 0:24:10]} 17. f4 {[%clk 1:01:04]} Ned7 {[%clk 0:24:38]} 18. b4 {[%clk
0:56:51]} Ne6 {[%clk 0:24:09]} 19. f5 {[%clk 0:56:31]} Nef8 {[%clk 0:24:17]} 20.
h4 {[%clk 0:38:35]} Ne5 {[%clk 0:19:27]} 21. Bg5 {[%clk 0:35:37]} Bf6 {[%clk
0:08:09]} 22. Ne4 {[%clk 0:29:15]} Bxg5 {[%clk 0:06:55]} 23. hxg5 {[%clk
0:29:39]} Nfd7 {[%clk 0:05:39]} 24. fxg6 {[%clk 0:27:49]} Nxg6 {[%clk 0:04:31]}
25. c5 {[%clk 0:27:46]} bxc5 {[%clk 0:03:38]} 26. bxc5 {[%clk 0:28:10]} Qe7
{[%clk 0:02:09]} 27. c6 {[%clk 0:20:29]} Nde5 {[%clk 0:01:30]} 28. Nf6+ {[%clk
0:20:52]} Kf8 {[%clk 0:00:56]} 29. f4 {[%clk 0:20:36]} Nf3+ {[%clk 0:00:38]} 30.
Bxf3 {[%clk 0:20:56]} Qe3+ {[%clk 0:01:04]} 31. Qf2 {[%clk 0:20:31]} Rb2 {[%clk
0:01:14]} 32. Qxe3 {[%clk 0:20:44]} Rxe3 {[%clk 0:01:42]} 33. Re1 {[%clk
0:20:24]} 1-0

[Event "U20 Polish Youth Championship"]
[Site "Ustron"]
[Date "2019.11.29"]
[Round "8"]
[White "Wisniewski, Michal"]
[Black "Koziol, Kamil"]
[Result "0-1"]
[Board "9"]
[WhiteElo "2158"]
[WhiteCountry "POL"]
[WhiteFideId "1159682"]
[WhiteEloChange "-6"]
[BlackElo "2289"]
[BlackTitle "FM"]
[BlackCountry "POL"]
[BlackFideId "1161555"]
[BlackEloChange "6"]

1. Nf3 {[%clk 1:30:30]} Nf6 {[%clk 1:30:30]} 2. c4 {[%clk 1:30:30]} e6 {[%clk
1:30:30]} 3. g3 {[%clk 1:30:30]} d5 {[%clk 1:30:30]} 4. Bg2 {[%clk 1:30:30]} dxc4
{[%clk 1:30:30]} 5. Na3 {[%clk 1:30:30]} Bxa3 {[%clk 1:30:30]} 6. bxa3 {[%clk
1:30:30]} b5 {[%clk 1:30:30]} 7. Ne5 {[%clk 1:13:29]} Nd5 {[%clk 1:30:18]} 8. a4
{[%clk 1:11:51]} a6 {[%clk 1:22:03]} 9. Rb1 {[%clk 1:09:20]} c6 {[%clk 1:13:57]}
10. Ba3 {[%clk 1:03:59]} Qc7 {[%clk 1:04:55]} 11. f4 {[%clk 0:54:16]} c5 {[%clk
1:02:30]} 12. Qc1 {[%clk 0:42:44]} f6 {[%clk 0:55:57]} 13. Ng4 {[%clk 0:43:04]}
Bb7 {[%clk 0:49:19]} 14. axb5 {[%clk 0:38:38]} axb5 {[%clk 0:32:52]} 15. Rxb5
{[%clk 0:38:01]} Nd7 {[%clk 0:32:05]} 16. O-O {[%clk 0:37:08]} O-O {[%clk
0:31:49]} 17. e4 {[%clk 0:32:07]} N5b6 {[%clk 0:25:50]} 18. Ne3 {[%clk 0:31:10]}
Ra4 {[%clk 0:21:52]} 19. Rb1 {[%clk 0:23:58]} e5 {[%clk 0:19:05]} 20. Nd5 {[%clk
0:16:51]} Bxd5 {[%clk 0:18:27]} 21. exd5 {[%clk 0:17:05]} Qd6 {[%clk 0:18:21]}
22. Bb2 {[%clk 0:15:25]} Rxa2 {[%clk 0:14:34]} 23. fxe5 {[%clk 0:13:45]} fxe5
{[%clk 0:10:33]} 24. Rxf8+ {[%clk 0:13:49]} Qxf8 {[%clk 0:10:06]} 25. Bxe5 {[%clk
0:10:34]} Nxe5 {[%clk 0:08:57]} 26. Rxb6 {[%clk 0:10:34]} Nd3 {[%clk 0:08:30]}
27. Qb1 {[%clk 0:01:46]} Rxd2 {[%clk 0:07:00]} 28. Rb8 {[%clk 0:01:40]} Rd1+
{[%clk 0:07:00]} 29. Qxd1 {[%clk 0:01:40]} Qxb8 {[%clk 0:07:04]} 30. Qg4 {[%clk
0:01:40]} c3 {[%clk 0:04:00]} 31. Qc4 {[%clk 0:01:02]} Qb1+ {[%clk 0:03:59]} 32.
Bf1 {[%clk 0:01:11]} c2 {[%clk 0:04:18]} 33. d6+ {[%clk 0:00:38]} Kf8 {[%clk
0:04:18]} 34. Qe6 {[%clk 0:00:58]} Qxf1+ {[%clk 0:04:01]} 35. Kxf1 {[%clk
0:01:22]} c1Q+ {[%clk 0:04:01]} 36. Kg2 {[%clk 0:01:05]} Qd2+ {[%clk 0:03:13]}
37. Kf3 {[%clk 0:01:30]} Qd1+ {[%clk 0:02:30]} 38. Kg2 {[%clk 0:01:30]} Qd2+
{[%clk 0:02:30]} 39. Kf3 {[%clk 0:01:30]} Qf2+ {[%clk 0:02:29]} 40. Kg4 {[%clk
0:01:49]} Qd4+ {[%clk 0:02:43]} 41. Kf5 g6+ {[%clk 0:02:42]} 42. Kg5 Qe5+ {[%clk
0:02:42]} 43. Qxe5 Nxe5 {[%clk 0:03:01]} 44. Kf6 Nf7 {[%clk 0:03:26]} 0-1

[Event "U20 Polish Youth Championship"]
[Site "Ustron"]
[Date "2019.11.29"]
[Round "8"]
[White "Sernecki, Franciszek"]
[Black "Jankowiak, Tomasz"]
[Result "1/2-1/2"]
[Board "10"]
[WhiteElo "2285"]
[WhiteCountry "POL"]
[WhiteFideId "1169297"]
[WhiteEloChange "-5"]
[BlackElo "2111"]
[BlackCountry "POL"]
[BlackFideId "1185357"]
[BlackEloChange "5"]

1. d4 {[%clk 1:30:17]} d5 {[%clk 1:30:51]} 2. c4 {[%clk 1:30:39]} c6 {[%clk
1:31:11]} 3. e3 {[%clk 1:30:53]} Nf6 {[%clk 1:31:31]} 4. Nf3 {[%clk 1:31:18]} e6
{[%clk 1:31:35]} 5. Nbd2 {[%clk 1:31:42]} Nbd7 {[%clk 1:31:53]} 6. Bd3 {[%clk
1:32:03]} Bd6 {[%clk 1:32:18]} 7. O-O {[%clk 1:32:28]} O-O {[%clk 1:32:45]} 8. e4
{[%clk 1:32:52]} e5 {[%clk 1:33:11]} 9. cxd5 {[%clk 1:32:18]} cxd5 {[%clk
1:32:43]} 10. exd5 {[%clk 1:30:32]} exd4 {[%clk 1:33:03]} 11. Ne4 {[%clk
1:29:55]} Nxe4 {[%clk 1:33:26]} 12. Bxe4 {[%clk 1:30:20]} Nf6 {[%clk 1:33:50]}
13. Qxd4 {[%clk 1:18:56]} Nxe4 {[%clk 1:33:08]} 14. Qxe4 {[%clk 1:19:09]} Re8
{[%clk 1:33:30]} 15. Qd4 {[%clk 1:12:45]} Bf5 {[%clk 1:33:24]} 16. Bg5 {[%clk
1:04:18]} f6 {[%clk 1:33:41]} 17. Be3 {[%clk 0:52:57]} Qd7 {[%clk 1:15:03]} 18.
Rac1 {[%clk 0:43:36]} Qf7 {[%clk 0:55:15]} 19. Qd2 {[%clk 0:34:18]} Be4 {[%clk
0:47:27]} 20. Bf4 {[%clk 0:23:17]} Bxf4 {[%clk 0:29:03]} 21. Qxf4 {[%clk
0:22:42]} Qxd5 {[%clk 0:27:03]} 22. Rfe1 {[%clk 0:17:16]} Bxf3 {[%clk 0:24:49]}
23. Qxf3 {[%clk 0:17:17]} Rxe1+ {[%clk 0:20:44]} 24. Rxe1 {[%clk 0:17:32]} Qxf3
{[%clk 0:21:10]} 25. gxf3 {[%clk 0:17:59]} Kf7 {[%clk 0:21:32]} 26. Re4 {[%clk
0:14:16]} Rc8 {[%clk 0:19:05]} 27. Kg2 {[%clk 0:12:02]} Rc2 {[%clk 0:13:47]} 28.
Rb4 {[%clk 0:11:03]} b6 {[%clk 0:14:12]} 29. a4 {[%clk 0:09:50]} Rc5 {[%clk
0:12:19]} 30. Re4 {[%clk 0:08:54]} f5 {[%clk 0:08:37]} 31. Rd4 {[%clk 0:07:35]}
Ke6 {[%clk 0:08:07]} 32. Kg3 {[%clk 0:06:17]} g6 {[%clk 0:06:08]} 33. Rh4 {[%clk
0:05:01]} Rc7 {[%clk 0:04:44]} 34. Rb4 {[%clk 0:03:24]} Kd5 {[%clk 0:04:19]} 35.
b3 {[%clk 0:01:21]} Rc3 {[%clk 0:03:17]} 36. Rh4 {[%clk 0:00:42]} h5 {[%clk
0:00:56]} 37. Rb4 {[%clk 0:00:54]} Kc5 {[%clk 0:01:16]} 38. Rb5+ {[%clk 0:01:14]}
Kc6 {[%clk 0:01:34]} 39. Kf4 {[%clk 0:00:52]} Rc2 {[%clk 0:00:45]} 40. Kg5 {[%clk
0:30:45]} Rxf2 {[%clk 0:30:56]} 41. Kxg6 {[%clk 0:30:24]} Rxf3 {[%clk 0:12:50]}
42. Rxf5 {[%clk 0:23:05]} Rxb3 {[%clk 0:12:22]} 43. Rxh5 {[%clk 0:23:12]} a5
{[%clk 0:09:53]} 44. Rh8 {[%clk 0:18:17]} Rb4 {[%clk 0:10:10]} 45. h4 {[%clk
0:18:43]} Rxa4 {[%clk 0:10:35]} 46. h5 {[%clk 0:19:02]} Rg4+ {[%clk 0:10:14]} 47.
Kf5 {[%clk 0:15:59]} Rh4 {[%clk 0:10:29]} 48. h6 {[%clk 0:16:19]} Kb5 {[%clk
0:09:43]} 49. h7 {[%clk 0:15:04]} a4 {[%clk 0:08:13]} 50. Kg6 {[%clk 0:14:40]} a3
{[%clk 0:07:22]} 51. Ra8 {[%clk 0:12:31]} Kb4 {[%clk 0:06:54]} 52. h8Q {[%clk
0:11:13]} Rxh8 {[%clk 0:07:17]} 53. Rxh8 {[%clk 0:11:39]} a2 {[%clk 0:03:07]} 54.
Rh4+ {[%clk 0:11:09]} Ka3 {[%clk 0:02:50]} 55. Rh3+ {[%clk 0:11:36]} Ka4 {[%clk
0:02:38]} 56. Rh4+ {[%clk 0:12:05]} Kb5 {[%clk 0:00:58]} 57. Rh1 {[%clk 0:12:26]}
Kc4 {[%clk 0:01:21]} 58. Rh4+ {[%clk 0:12:52]} Kb3 {[%clk 0:01:33]} 59. Rh3+
{[%clk 0:13:18]} Ka4 {[%clk 0:01:47]} 60. Rh4+ {[%clk 0:13:43]} 1/2-1/2